000 00576nam a2200205Ia 4500
005 20250923144939.0
008 008 250917s9999 xx 000 0 eng d
037 _aTextual
040 _aDSWL
_beng
_cDSWL
041 _aeng
_2eng
084 _aY1:4:68, J9.1
_qDSWL
100 _aWootton, B.
_9830146
245 0 _aSocial Science and social pathology
_cby B. Wootton
260 _bRuskin George Allen & Unwin Ltd
_c1959
300 _a400 p.
365 _aINR
_b35
925 _g35
942 _cTEXL
_hY1:4:68, J9.1
999 _c1445275
_d1445275